Spiders are not insects / (Record no. 809)

MARC details
000 -LEADER
fixed length control field 00850nam a22002777a 4500
005 - DATE AND TIME OF LATEST TRANSACTION
control field 20231114080030.0
020 ## - INTERNATIONAL STANDARD BOOK NUMBER
International Standard Book Number 0516060546
020 ## - INTERNATIONAL STANDARD BOOK NUMBER
International Standard Book Number 9780516202198
040 ## - CATALOGING SOURCE
Original cataloging agency DLC
Transcribing agency DLC
Modifying agency DLC
Language of cataloging eng
050 00 - LIBRARY OF CONGRESS CALL NUMBER
Classification number QL452.2
Item number .F68 1996
082 00 - DEWEY DECIMAL CLASSIFICATION NUMBER
Classification number 595.4/4
Edition number 20
100 1# - MAIN ENTRY--PERSONAL NAME
Personal name Fowler, Allan.
245 10 - TITLE STATEMENT
Title Spiders are not insects /
Statement of responsibility, etc. by Allan Fowler.
260 ## - PUBLICATION, DISTRIBUTION, ETC.
Place of publication, distribution, etc. New York :
Name of publisher, distributor, etc. Children's Press,
Date of publication, distribution, etc. 1996.
300 ## - PHYSICAL DESCRIPTION
Extent 31 pages :
Other physical details color illustrations ;
Dimensions 18 cm.
500 ## - GENERAL NOTE
General note Includes index.
505 ## - FORMATTED CONTENTS NOTE
Formatted contents note M <br/>
520 ## - SUMMARY, ETC.
Summary, etc. An introduction to the spider, an eight-legged creature, not to be confused with the six-legged insect.
521 ## - TARGET AUDIENCE NOTE
Target audience note 550 <br/>
Source Lexile <br/>
521 ## - TARGET AUDIENCE NOTE
Target audience note M <br/>
Source Raz-Plus <br/>
650 #0 - SUBJECT ADDED ENTRY--TOPICAL TERM
Topical term or geographic name entry element Spiders
General subdivision Juvenile literature.
650 #1 - SUBJECT ADDED ENTRY--TOPICAL TERM
Topical term or geographic name entry element Spiders.
906 ## - LOCAL DATA ELEMENT F, LDF (RLIN)
a 7
b cbc
c orignew
d 1
e ocip
f 19
g y-gencatlg
942 ## - ADDED ENTRY ELEMENTS (KOHA)
Source of classification or shelving scheme Dewey Decimal Classification
Koha item type Books
Suppress in OPAC No
999 ## -
-- 809
-- 809
Holdings
Withdrawn status Lost status Source of classification or shelving scheme Damaged status Not for loan Collection Home library Current library Shelving location Date acquired Total Checkouts Full call number Barcode Date last seen Date last checked out Copy number Price effective from Koha item type
    Dewey Decimal Classification     Non-Fiction Footprints International School Library Network Toul Kork Campus Footprints International School Library Network Toul Kork Campus TK Primary Library Room(4th Floor), Bookcase 3&4, Shelves 17-32, Yellow Books 07/10/2023 3 FOW 595.44 QL452.F68 FISBK02224 06/09/2025 12/03/2024 1 07/10/2023 Books
    Dewey Decimal Classification     Non-Fiction Footprints International School Library Network Toul Kork Campus Footprints International School Library Network Toul Kork Campus TK Primary Library Room(4th Floor), Bookcase 3&4, Shelves 17-32, Yellow Books 07/10/2023 1 FOW 595.44 QL452.F68 FISBK02225 12/03/2024 12/03/2024 2 07/10/2023 Books
    Dewey Decimal Classification     Non-Fiction Footprints International School Library Network Toul Kork Campus Footprints International School Library Network Toul Kork Campus TK Primary Library Room(4th Floor), Bookcase 3&4, Shelves 17-32, Yellow Books 07/10/2023 3 FOW 595.44 QL452.F68 FISTK01633 06/09/2025 12/03/2024 3 07/10/2023 Books